00812nam a2200241 a 450000100060000000300100000600500170001600800410003303500140007403500190008804000290010704100080013608200230014424500700016726000300023730000350026750400290030265000330033170000380036494200120040299900170041495201390043114741(BD-RjUL)20211208235701.0140208s1950 ua b 000 0 eng d a(BD-RjUL) a(BD-RjUL)14795 aQUTbengcQUTd(BD-RjUL) aeng04a620.1123bHAN 195000aHandbook of experimental stress analysis /cedited by M. Hetenyi. aNew York :bWiley,c1950. axii, 1077 p. :bill. ;c24 cm. aIncludes bibliographies. 0aStrains and stresses.9270771 aHetenyi, M.q(Miklos Imre)945927 2ddccBK c14741d14741 00102ddc40718NFICaRUCLbRUCLcReadingd1956-02-28eU.S.I.S. Daccal0o620.1123 HAN 1950r2014-02-08 00:00:00tC-1w2014-02-08yBK